MARC details
| 000 -LEADER |
| fixed length control field |
03270cam a2200445 a 4500 |
| 001 - CONTROL NUMBER |
| control field |
14775081 |
| 005 - DATE AND TIME OF LATEST TRANSACTION |
| control field |
20070724143803.0 |
| 008 - FIXED-LENGTH DATA ELEMENTS--GENERAL INFORMATION |
| fixed length control field |
070320s2005 enka b 001 0 eng d |
| 010 ## - LIBRARY OF CONGRESS CONTROL NUMBER |
| LC control number |
2007272858 |
| 020 ## - INTERNATIONAL STANDARD BOOK NUMBER |
| International Standard Book Number |
0521691648 |
| 035 ## - SYSTEM CONTROL NUMBER |
| System control number |
(OCoLC)ocm65526233 |
| 040 ## - CATALOGING SOURCE |
| Original cataloging agency |
EQO |
| Transcribing agency |
EQO |
| Modifying agency |
DBI |
| -- |
YDXCP |
| -- |
IXA |
| -- |
BAKER |
| -- |
DLC |
| 042 ## - AUTHENTICATION CODE |
| Authentication code |
lccopycat |
| 043 ## - GEOGRAPHIC AREA CODE |
| Geographic area code |
e-uk--- |
| 050 00 - LIBRARY OF CONGRESS CALL NUMBER |
| Classification number |
JZ6385 |
| Item number |
.F67 2005 |
| 082 00 - DEWEY DECIMAL CLASSIFICATION NUMBER |
| Classification number |
327.117 |
| Edition number |
22 |
| Item number |
FOR |
| 245 00 - TITLE STATEMENT |
| Title |
Force and Legitimacy in World Politics / |
| Statement of responsibility, etc |
edited by David Armstrong, Theo Farrell and Bice Maiguashca |
| 260 ## - PUBLICATION, DISTRIBUTION, ETC. (IMPRINT) |
| Place of publication, distribution, etc |
Cambridge, UK : |
| Name of publisher, distributor, etc |
Cambridge University Press, |
| Date of publication, distribution, etc |
2005. |
| 300 ## - PHYSICAL DESCRIPTION |
| Extent |
iv, 266 p. : |
| Other physical details |
ill. ; |
| Dimensions |
25 cm. |
| 504 ## - BIBLIOGRAPHY, ETC. NOTE |
| Bibliography, etc |
Includes bibliographical references and index. |
| 505 0# - FORMATTED CONTENTS NOTE |
| Formatted contents note |
Introduction / David Armstrong and Theo Farrell -- Legitimacy and the use of force : can the circle be squared? / Andrew Hurrell -- Legality and legitimacy : the quest for principled flexibility and restraint / Richard Falk -- Not yet havoc : geopolitical change and the international rules on military force / Michael Byers -- Liberal hierarchy and the licence to use force / Christian Reus-Smit -- The age of liberal wars / Lawrence Freedman -- Force, legitimacy, success and Iraq / John Mueller -- War and international relations : a military historical perspective on force and legitimacy / Jeremy Black -- The judgement of war : on the idea of legitimate force in world politics / Nicholas Rengger -- Discourses of difference : civilians, combatants and compliance with the laws of war / Helen M. Kinsella -- Fights about rules : the role of efficacy and power in changing multilateralism / Martha Finnemore -- Peacekeeping and enforcement action in Africa : the role of Europe and the obligations of multilateralism / Christine Gray -- Identity, legitimacy and the use of military force : Russia's Great Power identities and military intervention in Abkhazia / Ted Hopf -- Dead or alive : American vengeance goes global / Michael Sherry. |
| 580 ## - LINKING ENTRY COMPLEXITY NOTE |
| Linking entry complexity note |
Special issue of Review of international studies, v.31, December 2005. |
| 650 #0 - SUBJECT ADDED ENTRY--TOPICAL TERM |
| Topical term or geographic name as entry element |
Intervention (International law) |
| 9 (RLIN) |
9318 |
| 650 #0 - SUBJECT ADDED ENTRY--TOPICAL TERM |
| Topical term or geographic name as entry element |
Security, International. |
| 9 (RLIN) |
9319 |
| 650 #0 - SUBJECT ADDED ENTRY--TOPICAL TERM |
| Topical term or geographic name as entry element |
Iraq War, 2003- |
| General subdivision |
Moral and ethical aspects. |
| 9 (RLIN) |
9320 |
| 650 #0 - SUBJECT ADDED ENTRY--TOPICAL TERM |
| Topical term or geographic name as entry element |
International relations. |
| 9 (RLIN) |
9321 |
| 650 #0 - SUBJECT ADDED ENTRY--TOPICAL TERM |
| Topical term or geographic name as entry element |
World politics. |
| 9 (RLIN) |
9322 |
| 650 #0 - SUBJECT ADDED ENTRY--TOPICAL TERM |
| Topical term or geographic name as entry element |
International organization. |
| 9 (RLIN) |
9323 |
| 700 1# - ADDED ENTRY--PERSONAL NAME |
| Personal name |
Armstrong, J. D. |
| Fuller form of name |
(James David), |
| Dates associated with a name |
1945- |
| 9 (RLIN) |
9324 |
| 700 1# - ADDED ENTRY--PERSONAL NAME |
| Personal name |
Farrell, Theo, |
| Dates associated with a name |
1967- |
| 9 (RLIN) |
9325 |
| 700 1# - ADDED ENTRY--PERSONAL NAME |
| Personal name |
Maiguashca, Bice, |
| Dates associated with a name |
1965- |
| 9 (RLIN) |
9326 |
| 730 0# - ADDED ENTRY--UNIFORM TITLE |
| Uniform title |
Review of international studies. |
| 9 (RLIN) |
9327 |
| 772 18 - SUPPLEMENT PARENT ENTRY |
| Title |
Review of international studies |
| International Standard Serial Number |
0260-2105 |
| Record control number |
(UkOxU)10749902 |
| 856 42 - ELECTRONIC LOCATION AND ACCESS |
| Materials specified |
Publisher description |
| Uniform Resource Identifier |
<a href="http://www.loc.gov/catdir/enhancements/fy0710/2007272858-d.html">http://www.loc.gov/catdir/enhancements/fy0710/2007272858-d.html</a> |
| 856 41 - ELECTRONIC LOCATION AND ACCESS |
| Materials specified |
Table of contents only |
| Uniform Resource Identifier |
<a href="http://www.loc.gov/catdir/enhancements/fy0710/2007272858-t.html">http://www.loc.gov/catdir/enhancements/fy0710/2007272858-t.html</a> |
| 856 42 - ELECTRONIC LOCATION AND ACCESS |
| Materials specified |
Contributor biographical information |
| Uniform Resource Identifier |
<a href="http://www.loc.gov/catdir/enhancements/fy0732/2007272858-b.html">http://www.loc.gov/catdir/enhancements/fy0732/2007272858-b.html</a> |
| 942 ## - ADDED ENTRY ELEMENTS (KOHA) |
| Source of classification or shelving scheme |
Dewey Decimal Classification |
| Item type |
Book - Borrowing |